Zimbabwe Trivia Quiz - Statistieken

Algemene statistieken
  • Deze quiz is 274 keer genomen
  • De gemiddelde score is 10 van 16
Antwoordstatistieken
Hint Antwoord % Correct
Aangrenzende landen Zuid-Afrika
93%
Aangrenzende landen Zambia
92%
Aangrenzende landen Botswana
90%
Aangrenzende landen Mozambique
89%
Voormalige koloniale heersers Verenigd Koninkrijk
80%
Hoofdstad Harare
79%
Zimbabwe heeft er zestien, meer dan elk ander land behalve Bolivia Officiële {talen}
77%
Grote waterval op die rivier {Victoria}watervallen
71%
Voormalige naam van Zimbabwe Zuid-Rhodesië
59%
Rivier die de grens vormt in het noorden Zambezi
57%
Dictator van Zimbabwe die van 1980 tot 2017 regeerde, tot op 93-jarige leeftijd Robert Mugabe
55%
Het grootste deel van Zimbabwe bestaat uit dit graslandecosysteem Savanne
50%
In 2009 drukte Zimbabwe als gevolg van hyperinflatie bankbiljetten met een verbazingwekkende nominale waarde van ... $100 {biljoen}
47%
Rivier die de grens vormt in het zuiden Limpopo
30%
Nationaal symbool {Vogel} van Zimbabwe
30%
Oude stad, gebouwd in de 11e eeuw, verlaten in de 15e eeuw {Groot}-Zimbabwe
25%
Geen overeenkomende quizzen gevonden
Scoreverdeling
Procent van Mensen met Elke Score
Percentiel versus Aantal Correcte Antwoorden
Uw Scoregeschiedenis
U heeft deze quiz nog niet genomen